Animated Dogs Venn Diagram Quiz Stats

 Plays Quiz not verified by Sporcle

Score 0/8 Timer 02:00
22 Plays Today
% Correct
Brian Griffin
91.9%
Pluto
87.5%
Goofy
87.2%
Snoopy
83.3%
Tramp
81.3%
Odie
80.3%
Clifford
67.5%
Gromit
53.4%

You're not logged in!

Compare scores with friends on all Sporcle quizzes.
OR
Log In

You Might Also Like...

Show Comments

Extras

Top Quizzes Today


Score Distribution

Your Account Isn't Verified!

In order to create a playlist on Sporcle, you need to verify the email address you used during registration. Go to your Sporcle Settings to finish the process.

Report this User

Report this user for behavior that violates our Community Guidelines.

Details: